|
|
|
|
| LEADER |
00000nab a22000007a 4500 |
| 001 |
vtls010674532 |
| 003 |
SK-MaSNL |
| 005 |
20260304184748.0 |
| 008 |
250708s1940 xo |||||||||||||||||slo| |
| 035 |
|
|
|a (urnnbn)urn:nbn:sk:snk:ar-a06kz7
|
| 035 |
|
|
|a (uuid)76d36cff-2c09-432d-b3de-f6fb873eb8a8
|
| 035 |
|
|
|a urn:nbn:sk:snk-ab1a0i
|
| 040 |
|
|
|a SNKBUCL
|b slo
|c SNKBUCL
|e AACR2
|
| 041 |
0 |
|
|a slo
|
| 044 |
|
|
|a xo
|c SK
|
| 100 |
1 |
|
|a Sellaň, Pavol,
|d 1899-1973
|4 aut
|9 170748
|
| 245 |
1 |
0 |
|a Albrecht: Meningitis infectiosa suis
|c P. Selláň
|
| 773 |
0 |
|
|t Slovenský veterinár : odborný časopis slovenských veterinárov a úradný orgán Zverolekárskej komory Slovenskej republiky
|g Roč. 2, č. 9 (1940), s. 239-240
|
| 850 |
|
|
|a Slovenská národná knižnica
|
| 852 |
|
|
|a Slovenská národná knižnica
|
| 954 |
|
|
|a odborná, vedecká literatúra pôvodná (slovenská)
|2 lita
|
| 958 |
|
|
|a article
|
| 958 |
|
|
|a OND
|
| 958 |
|
|
|a EUIPO
|
| 999 |
|
|
|c 3039708
|d 3041638
|